00503nam a2200193 a 4500001001300000003000900013005001700022008004100039020002200080082001800102245002200120260003200142300000800174500003500182505002500217650002000242650002800262710001900290nice12345678IN_TiNIC20260116013322.0050524s1992 dela grp 000 0 eng  a8185107 c2500a346.0134bKAL aDomestic Violence aDelhibKali for Womenc1992 a75p aincludes index and biblioraphy2 aLegal Aid Handbook 1 aWomen-India-Law aWomen-Domestic Violence2 aKali for Women